General Knowledge Trivia - Statistics

General Stats
  • This quiz has been taken 279 times
  • The average score is 14 of 19
Answer Stats
Question Answer % Correct
In a storm, which comes first, thunder or lightning? lightning
97%
Most London taxis are... black
95%
Was the Hundred Years' War actually 100 years? no
93%
In chess, does black or white play first? white
93%
What scientific discovery was supposedly inspired by an apple falling from a tree? gravity
90%
Which fictional, furry creature stole Christmas? the Grinch
84%
How many chambers does your heart have? four
82%
I was a black man ruled by whites. I served 27 years in prison fighting for racism. I became my country's president. Who am I? Nelson Mandela
81%
What does Popeye eat to make him strong? spinach
81%
In a relay race, what is the name of the object passed between runners? baton
76%
Which Outer Planet is famous for it's Great Red Spot? Jupiter
74%
What is a baby kangaroo called? joey
72%
Which mythical king made a wish for everything he touched be turned to gold? Midas
70%
How many strings are on a vioiln? six
65%
What does "Hakuna Matata" mean? no worries
64%
An african giant snail would cover your entire... face
58%
In the Middle Ages, which plague killed many people in Europe? The Black Death
47%
Who travels in a plane called Air Force One? U.S. president
41%
In the book by Roald Dahl, which disgusting food did the BFG eat? snozzcumbers
7%
No matching quizzes found
Score Distribution
Percent of People with Each Score
Percentile by Number Answered
Your Score History
You have not taken this quiz